| 000 | 02558nam0a2200349 4500 | ||
|---|---|---|---|
| 001 | RU\NLR\BIBL_A\012001054 | ||
| 005 | 20190520111442.0 | ||
| 010 |
_a978-5-91461-057-6 _9100 |
||
| 021 |
_aRU _bКН-П-19-025077 _9КН-П-19-1898 |
||
| 035 | _a(NLR Aleph) 012001054 | ||
| 035 | _a(RuMoRGB)009940618 | ||
| 090 |
_a11405108 _c11405108 |
||
| 100 | _a20190426d2019 k y0rusy50 ca | ||
| 101 | 0 | _arus | |
| 102 | _aRU | ||
| 105 | _ac|||zzzz1||zy | ||
| 200 | 1 |
_aРимский-Корсаков - 175. Год за годом _e[международная конференция к 175-летию Н.А. Римского-Корсакова], 18-21 марта 2019, [Санкт-Петербург] _eсборник тезисов Международной конференции _fКомитет по культуре правительства Санкт-Петербурга, Санкт-Петербургское государственное бюджетное учреждение культуры "Санкт-Петербургский государственный музей театрального и музыкального искусства" [и др. _gредакционная коллегия : Л. О. Адэр и др.] |
|
| 210 |
_aСанкт-Петербург _cСПб ГБУК СПбГМТиМИ _d2019 |
||
| 215 |
_a59 с. _cпортр. _d23 см |
||
| 300 | _aЗагл. также на англ. яз.: Rimsky-Korsakov at 175. A survey of his legacy. Year on year | ||
| 517 | 1 |
_aRimsky-Korsakov at 175. A survey of his legacy. Year on year _zeng |
|
| 600 | 1 |
_aРимский-Корсаков _bН. А. _gНиколай Андреевич _f1844 - 1908 _jСъезды, совещания и т.п _2nlr_sh2 _3RU\NLR\AUTH\66370463 |
|
| 686 | 1 | _aЩ313(2Р=Рус)53-81Римский-Корсаков я431 | |
| 702 | 1 |
_aАдэр _bЛ.О. _gЛидия Олеговна _4340 |
|
| 702 | 1 |
_aРимский-Корсаков _bН. А. _f1844-1908 _gНиколай Андреевич _3RU\NLR\AUTH\7716260 _4570 |
|
| 711 | 1 | 2 |
_a"Римский-Корсаков - 175. Год за годом", международная конференция _f2019 _eСанкт-Петербург _3RU\NLR\AUTH\880500610 |
| 712 | 0 | 2 |
_aСанкт-Петербургский государственный музей театрального и музыкального искусства _3RU\NLR\AUTH\8810039684 _4557 |
| 942 | _cBOOK | ||
| 980 | _aNBR | ||
| 980 | _aNB | ||